¿Porqué requiere Costa Rica un Pacto Fiscal? /

Gespeichert in:
Bibliographische Detailangaben
1. Verfasser: Osterlof Obregón, Doris
Format: Text
Schlagworte:
Tags: Tag hinzufügen
Keine Tags, Fügen Sie den ersten Tag hinzu!

MARC

LEADER 00000 a a2200000 04500
001 8206
003
040
100 |a Osterlof Obregón, Doris  
245 |a ¿Porqué requiere Costa Rica un Pacto Fiscal? /  |c Doris Osterlof Obregón 
650 |a REFORMA FISCAL  
650 |a HACIENDA PUBLICA  
650 |a ACUERDOS FISCALES  
650 |a DEFICIT  
773 |g volumen 5, número 3; páginas 16-19  
999 |c 33393  |d 33393